000 00787nam a2200253 a 4500
003 AR-BaBNM
005 20251128205303.0
008 082120s2002 ||||||||||||||000 | spa||
020 _a950-9497-03-7
040 _cAR-BaBNM
110 2 _aInstituto Belgraniano [Buenos Aires]
245 0 0 _aDocumentos para la Historia del General Don Manuel Belgrano
_n2
260 _aBuenos Aires
_bInstituto Belgraniano
_c1993
300 _a429 p.
_bláms.
500 _aIndice de nombres de personas y geográficos p. 407-421.
504 _aContiene bibliografía p. 423-425
650 4 _aPERIODO HISPANICO
650 4 _aINSTITUCIONES HISPANOAMERICANAS
650 4 _aHISTORIA DE LAS IDEAS
650 4 _aHISTORIA SOCIAL
650 4 _aHISTORIA ECONOMICA
942 _cBK
998 _cmariana
999 _c10747
_d10747